A course in mathematical modeling
Αποθηκεύτηκε σε:
| Κύριος συγγραφέας: | |
|---|---|
| Άλλοι συγγραφείς: | |
| Μορφή: | Βιβλίο |
| Γλώσσα: | English |
| Δημοσίευση: |
[Washington, DC] :
Mathematical Association of America,
c1999
|
| Θέματα: | |
| Ετικέτες: |
Προσθήκη ετικέτας
Δεν υπάρχουν, Καταχωρήστε ετικέτα πρώτοι!
|
MARC
| LEADER | 00000nam a2200000 i 4500 | ||
|---|---|---|---|
| 001 | 1/90953 | ||
| 008 | 080714s1999 eng d | ||
| 020 | |a 978-0-88385-712-0 | ||
| 020 | |a 0-88385-712-X | ||
| 035 | |l 10098928 | ||
| 040 | |a GR-MY-UA |b gre |e aacr | ||
| 041 | 0 | |a eng | |
| 082 | 0 | |a 511.8 |2 (22) | |
| 100 | 1 | |a Mooney, Douglas D. | |
| 245 | 1 | 2 | |a A course in mathematical modeling / |c Douglas D. Mooney and Randall J. Swift |
| 246 | 3 | 3 | |a Mathematical modeling |
| 260 | |a [Washington, DC] : |b Mathematical Association of America, |c c1999 | ||
| 300 | |a xx 431 σ.; |b εικ., πίν.; |c 26 εκ. | ||
| 504 | |a Βιβλιογραφία: σ. 423-426 | ||
| 504 | |a Ευρετήριο: σ. 427-431 | ||
| 650 | 0 | 0 | |a Mathematical models. |
| 700 | 1 | |a Swift, Randall J. | |
| 852 | |a INST |b LESVOS |e 20080714 |h 511.8 MOO |p 005100042179 |q 005100042179 |t BK |y 0 | ||
| 901 | |a BIBL1-2008-2 | ||
| 909 | |a Λ |b 144952 | ||
| 922 | |a 1ΕΛΗ |b 200801 |c ΕΠΕΑΕΚ2/ΤΠ |d ΕΛΕΥΘΕΡΟΥΔΑΚΗΣ | ||
| 970 | |a ΓΙΑΛΑΜΑ |b ΜΑΡΙΑ |z 2008/07/14 | ||